000 00662nam a2200229Ia 4500
003 GCL
008 140319s9999 xx 000 0 eng d
020 _a1857150767
040 _aGCL /
_cGCL
082 0 4 _a843
_bL L
100 1 _aWASHINGTON, PETER
245 1 0 _aLES LIAISONS DANGEREUSES /
_cWASHINGTON, PETER
700 1 _aLACLOS, CHODERLOS DE
700 1 _aALDINGTON, RICHARD
260 _aانجلترا :
_bEVERYMAN'S LIBRARY ،
_c1992
300 _a21 CM ؛
_cXLIII, 355 P
490 _aTHE MILLENNIUM LIBRARY
_v76
650 0 4 _aLITERATURE
650 0 4 _aFRENCH FICTION
650 0 4 _aFRENCH LITERATURE - TRANSLATIONS INTO ENGLISH
942 _2ddc
_cBK
999 _c6345
_d6345